000 01153nam2a22002411 4500
001 rc\101122
005 20250620201005.0
035 _a(NLR Aleph) 005402400
090 _a7288248
_c7288248
100 _a20021216d1992 |||y0rusy50 ca
101 0 _arus
102 _aRU
105 _ay |||||||||
200 1 _aЭволюция экономических систем
_f[И.Н. Сохань и др.]
210 _d1992
_aБ. м.
215 _a65, [1] с.
461 0 _1001rc\101119
_12001#$aКурс экономической теории$e[Учеб. пособие]$fМоск. авиац. ин-т им. Серго Орджоникидзе$g[Ю.А. Комарницкий и др.]$gПод ред. А.К. Сапора, Е.В. Лебедевой$vРазд. 3
_97986321
_cМ.
_d1991-
_fМоск. авиац. ин-т им. Серго Орджоникидзе
_nИзд-во МАИ
_o[Учеб. пособие]
_tКурс экономической теории
_vРазд. 3
701 1 _aСохань
_bИ.Н.
_gИраида Николаевна
801 0 _aRU
_bNLR
_gpsbo
801 1 _aRU
_bELAR
_2rusmarc
852 _aNLR
_j91-4/7711
942 _cBOOK
980 _aNB